000 00912nam a2200289 i 4500
001 13757
003 ES-MaACL
005 20230906150646.0
007 t|
008 971016s1997 sp |||| | spa j
020 _a84-7658-506-3
080 _a316.46.058.5
080 _a39(460.358)
080 _a332.22(460.358)
100 1 _aGonzález Alcantud, José Antonio.
_958402
245 1 3 _aEl clientelismo político
_b: perspectiva socioantropológica /
_cJosé A. González Alcantud.
250 _a1ª ed.
260 _a[Barcelona] :
_bAnthropos,
_c1997.
300 _a206 p. ;
_c18 cm.
490 1 _aBiblioteca A ;
_v25.
_aSociedad
650 1 4 _aClientelismo.
_911119
650 4 _aAntropología cultural y social-
_zMacael.
_99879
650 1 4 _aMovimientos sociales-
_zMacael.
_915231
830 0 _aBiblioteca A ;
_v25.
_aSociedad
_9179526
852 _aES-MaACL
_jL-21165
999 _c13757
_d13757